000 00209 a2200097 4500
001 30187
100 _aSankhala, K
245 _aTiger
260 _aLondon
_bCollins, it James's Place
_c
090 _c20130
_d20130
942 _aNUST-CAE
_c
_c11260
999 _c265260
_d265260